Medagliere Olimpiadi estive Melbourne 1956 - Statistics

Statistiche generali
  • Questo quiz è stato fatto 2 volte
  • Il punteggio medio è 6 su 10
Statistiche sulle risposte
Medaglie d'Oro Medaglie d'Argento Medaglie di Bronzo Medaglie complessive Rappresentativa olimpica % Corretto
13 8 14 35 Australia
100%
4 10 5 19 Giappone
100%
8 8 9 25 Italia
100%
6 13 7 26 Squadra Unificata Tedesca
100%
32 25 17 74 Stati Uniti
100%
37 29 32 98 Unione Sovietica
50%
3 1 11 15 Finlandia
0%
6 7 11 24 Gran Bretagna
0%
8 5 6 19 Svezia
0%
9 10 7 26 Ungheria
0%
Nessun quiz corrispondente trovato
Distribuzione punteggi
Percentuale di utenti per punteggio
Percentile per numero di risposta
I tuoi punteggi nel tempo
Non hai fatto questo quiz